[Event "AUTO-OPEN-3146"]
[Site "http://www.queenalice.com/game.php?id=1241347"]
[Date "2013.12.19"]
[Round "1"]
[White "squeak"]
[Black "beckhamf2000"]
[Result "1-0"]
[WhiteElo "1500"]
[BlackElo "1777"]

1. e4 e5 2. Nf3 Nc6 3. Bb5 a6 4. Ba4 Nf6 5. O-O Nxe4 6. d4 b5 7. Bb3 d5 8. dxe5
Be6 9. Nbd2 f5 10. exf6 Nxf6 11. Re1 Qd6 12. Ng5 Nd8 13. Ndf3 h6 14. Nxe6 Nxe6
15. Nd4 Ne4 16. Qh5+ Kd7 17. Nxe6 Qxe6 18. Bxd5 1-0

[Event "AUTO-OPEN-3146"]
[Site "http://www.queenalice.com/game.php?id=1241348"]
[Date "2013.12.19"]
[Round "1"]
[White "beckhamf2000"]
[Black "squeak"]
[Result "1-0"]
[WhiteElo "1777"]
[BlackElo "1726"]

1. e4 d5 2. exd5 Qxd5 3. Nc3 Qd6 4. d4 Nf6 5. Nb5 Qb6 6. Be3 Nd5 7. c4 Nxe3 8.
fxe3 c6 9. c5 Qa5+ 10. Nc3 e5 11. Nf3 exd4 12. exd4 Be6 13. d5 Bxd5 14. Be2 Bxc5
15. Qd2 O-O 16. O-O-O Bb4 17. Rhe1 Nd7 18. a3 1-0

[Event "Challenge"]
[Site "http://www.queenalice.com/game.php?id=1278564"]
[Date "2014.5.3"]
[Round "-"]
[White "squeak"]
[Black "Andrei_78"]
[Result "1-0"]
[WhiteElo "1639"]
[BlackElo "1633"]

1. e4 e5 2. Nf3 d6 3. d4 exd4 4. Nxd4 a6 5. Nc3 h6 6. Bc4 Nf6 7. O-O b5 8. Bd5
Nxd5 9. exd5 Be7 10. Re1 O-O 11. a4 b4 12. Ne4 Nd7 13. Nc6 a5 14. Nxd8 Bxd8 15.
Qh5 Nf6 16. Nxf6+ Bxf6 17. Bxh6 gxh6 18. Qxh6 Bg7 19. Qg5 Bb7 20. Re3 Bc8 21.
Rg3 Bf5 22. Qxg7# 1-0

[Event "Challenge"]
[Site "http://www.queenalice.com/game.php?id=1280698"]
[Date "2014.5.10"]
[Round "-"]
[White "Andrei_78"]
[Black "squeak"]
[Result "0-1"]
[WhiteElo "1633"]
[BlackElo "1695"]

1. e4 d5 2. exd5 Qxd5 3. Nc3 Qd6 4. h3 Nf6 5. Nf3 c6 6. Bd3 Nbd7 7. O-O e6 8.
Bc4 Be7 9. d3 b5 10. Bb3 O-O 11. Ne2 Nd5 12. Bd2 c5 13. Bxd5 exd5 14. Nc3 b4 15.
Nb5 Qb6 16. c4 a6 17. Nc3 bxc3 18. Bxc3 d4 19. Bd2 Qg6 20. Qe2 Bb7 21. Qxe7 Bxf3
22. g3 Qh5 23. Bf4 Qxh3 24. Qh4 Qg2# 0-1

[Event "OS INCLIVEIS"]
[Site "http://www.queenalice.com/game.php?id=1295026"]
[Date "2014.7.15"]
[Round "-"]
[White "adelio"]
[Black "squeak"]
[Result "0-1"]
[WhiteElo "1724"]
[BlackElo "1813"]

1. d4 f5 2. e3 Nf6 3. c4 e6 4. a3 d5 5. Nc3 c6 6. Be2 Bd6 7. h4 O-O 8. h5 Ng4 9.
Nf3 Nd7 10. Nh4 Ndf6 11. Ng6 hxg6 12. hxg6 Qe8 13. f3 Nh6 14. e4 fxe4 15. Bxh6
gxh6 16. Rxh6 Bg3+ 17. Kf1 Ng4 18. Rh3 Ne3+ 19. Kg1 Nxd1 20. Rxg3 Nxb2 21. Kf2
Kg7 22. Rh1 Rh8 23. Rh7+ Rxh7 24. gxh7+ Kxh7 25. fxe4 Nxc4 26. e5 Nxa3 27. Bd3+
Kh8 28. Ne2 Qf8+ 29. Kg1 Qb4 30. Nf4 Qxd4+ 31. Kh2 Qxf4 32. Kh3 Qxe5 33. Bg6 Qd6
34. Kh4 e5 35. Rg5 Qf6 36. Kh5 e4 37. Be8 e3 38. Rg6 Qxg6+ 39. Bxg6 e2 40. g4
e1=Q 41. Kg5 Kg7 42. Bh5 Qg3 43. Bf7 Qxg4# 0-1

[Event "OS INCLIVEIS"]
[Site "http://www.queenalice.com/game.php?id=1295027"]
[Date "2014.7.15"]
[Round "-"]
[White "squeak"]
[Black "adelio"]
[Result "1-0"]
[WhiteElo "1776"]
[BlackElo "1750"]

1. e4 g6 2. d4 c5 3. d5 e5 4. Nc3 a6 5. a4 Ra7 6. f4 d6 7. fxe5 dxe5 8. Nf3 Bg4
9. Bc4 b6 10. O-O h5 11. h3 Bd6 12. hxg4 hxg4 13. Ng5 f6 14. Ne6 Qe7 15. Qxg4 g5
16. Bxg5 Qh7 17. Be3 Qh2+ 18. Kf2 Qh4+ 19. Qxh4 Rxh4 20. Rh1 Rah7 21. Rxh4 Rxh4
22. Kg3 Rh7 23. a5 b5 24. Nxb5 axb5 25. Bxb5+ Kf7 26. a6 f5 27. a7 f4+ 28. Kf3
Rh6 29. Bxc5 Bxc5 30. Nxc5 Rg6 31. axb8=Q Rg3+ 32. Kf2 Ne7 33. Qe8+ Kf6 34. Ra6+
Kg5 35. Qxe7+ Kh5 36. Be8+ Rg6 37. Bxg6+ Kg4 38. Bf5+ Kh5 39. Qh7+ Kg5 40. Qh6#
1-0

[Event "Challenge"]
[Site "http://www.queenalice.com/game.php?id=1299124"]
[Date "2014.8.3"]
[Round "-"]
[White "squeak"]
[Black "Vladimir"]
[Result "1-0"]
[WhiteElo "1842"]
[BlackElo "1859"]

1. e4 e5 2. Nf3 Nc6 3. Bb5 Nf6 4. O-O Nxe4 5. d4 exd4 6. Re1 d5 7. Nxd4 Be7 8.
Nxc6 Qd7 9. Nxe7 Qxb5 10. Nxd5 O-O 11. Rxe4 Bf5 12. Re5 Qd7 13. Rxf5 Qxf5 14.
Ne7+ 1-0

[Event "I've been out..."]
[Site "http://www.queenalice.com/game.php?id=1301350"]
[Date "2014.8.13"]
[Round "-"]
[White "Vladimir"]
[Black "squeak"]
[Result "0-1"]
[WhiteElo "1856"]
[BlackElo "1905"]

1. d4 f5 2. c4 Nf6 3. Bg5 Ne4 4. Nf3 Nxg5 5. Nxg5 e5 6. Nf3 e4 7. Ne5 d6 8. Qa4+
c6 9. Nxc6 bxc6 10. d5 Bd7 11. b4 Qf6 12. Nd2 Qxa1+ 0-1

[Event "Let's Play Chess!"]
[Site "http://www.queenalice.com/game.php?id=1303023"]
[Date "2014.8.21"]
[Round "-"]
[White "squeak"]
[Black "charles31"]
[Result "1-0"]
[WhiteElo "1944"]
[BlackElo "1714"]

1. e4 e5 2. Nf3 d6 3. d4 exd4 4. Nxd4 a6 5. Bc4 h6 6. O-O Be7 7. Qh5 g6 8. Qe2
Bf6 9. Rd1 Be6 10. Nxe6 fxe6 11. Bxe6 Qe7 12. Qc4 Qg7 13. Bxg8 Rxg8 14. Qe6+ Be7
15. Qc8+ Kf7 16. Qxb7 Nd7 17. Qd5+ Kf6 18. Be3 Qf7 19. Bd4+ Ne5 20. f4 Qxd5 21.
exd5 Kf7 22. fxe5 dxe5 23. Bxe5 Bd6 24. Bxd6 cxd6 25. c4 Rge8 26. Nc3 Re3 27.
Rf1+ Kg7 28. Rae1 Rae8 29. Rxe3 Rxe3 30. Kf2 Rd3 31. Rd1 Rxd1 32. Nxd1 Kf6 33.
Ke3 1-0

[Event "Let's Play Chess!"]
[Site "http://www.queenalice.com/game.php?id=1303024"]
[Date "2014.8.21"]
[Round "-"]
[White "charles31"]
[Black "squeak"]
[Result "0-1"]
[WhiteElo "1748"]
[BlackElo "1930"]

1. Nf3 f5 2. d4 Nf6 3. Nc3 e6 4. Bg5 d5 5. a3 c6 6. e3 Bd6 7. Bd3 O-O 8. h3 Bd7
9. Qe2 Be8 10. Ne5 Nbd7 11. Nxd7 Qxd7 12. f4 Ne4 13. Nxe4 fxe4 14. g4 exd3 15.
Qxd3 Bg6 16. Qd2 Be4 17. Rg1 c5 18. dxc5 Bxc5 19. Bh4 Rxf4 20. Bg3 Rf3 21. Bf2
Raf8 22. Rf1 Bxe3 0-1

[Event "Challenge"]
[Site "http://www.queenalice.com/game.php?id=1304857"]
[Date "2014.8.29"]
[Round "-"]
[White "squeak"]
[Black "christian_labat"]
[Result "1-0"]
[WhiteElo "1979"]
[BlackElo "1880"]

1. e4 e5 2. Nf3 Nc6 3. Bb5 a6 4. Ba4 Be7 5. O-O Nf6 6. Re1 b5 7. Bb3 O-O 8. h3
d6 9. c3 Na5 10. Bc2 c5 11. d4 cxd4 12. cxd4 Nc4 13. b3 Nb6 14. Bb2 exd4 15.
Nxd4 Bb7 16. Nf5 Re8 17. Qf3 Rc8 18. Na3 b4 19. Nc4 Nxc4 20. bxc4 Bf8 21. Nh6+
gxh6 22. Bxf6 Bxe4 23. Bxe4 Rxe4 24. Qg3+ 1-0

[Event "Challenge"]
[Site "http://www.queenalice.com/game.php?id=1304906"]
[Date "2014.8.29"]
[Round "-"]
[White "christian_labat"]
[Black "squeak"]
[Result "0-1"]
[WhiteElo "1880"]
[BlackElo "1996"]

1. d4 f5 2. g3 Nf6 3. Bg2 e6 4. c4 d5 5. Nf3 c6 6. Nc3 Bd6 7. c5 Bc7 8. O-O O-O
9. Bg5 Nbd7 10. Bf4 Bxf4 11. gxf4 Ne4 12. Ne5 Qh4 13. e3 b6 14. Nxc6 Ba6 15. Ne2
Rf6 16. Ng3 Rh6 17. h3 Bxf1 18. Qxf1 Nxg3 19. fxg3 Qxg3 20. Qf3 Qxf3 21. Bxf3
bxc5 22. Kg2 Rg6+ 23. Kf2 Rh6 24. Kg2 Kf7 25. dxc5 Rc8 26. Nxa7 Rxc5 27. b4 Rc2+
28. Kg3 Rg6+ 29. Kh4 Nf6 30. Nb5 Rh2 31. Nd6+ Ke7 32. Nc8+ Kd8 33. Nd6 Rh6+ 34.
Kg3 R6xh3# 0-1

[Event "Challenge"]
[Site "http://www.queenalice.com/game.php?id=1306721"]
[Date "2014.9.7"]
[Round "-"]
[White "squeak"]
[Black "noroc"]
[Result "1-0"]
[WhiteElo "2039"]
[BlackElo "1752"]

1. e4 e5 2. Nf3 Nc6 3. Bb5 a6 4. Ba4 Nf6 5. O-O d6 6. Re1 Be7 7. c3 Bg4 8. h3
Bh5 9. d4 O-O 10. Bxc6 bxc6 11. dxe5 Bxf3 12. Qxf3 dxe5 13. Qg3 Bd6 14. Bh6 Ne8
15. Nd2 Qf6 16. Be3 c5 17. Nc4 Qe6 18. b3 f5 19. exf5 Qxf5 20. Qg5 Qxg5 21. Bxg5
h6 22. Bc1 Nf6 23. Ba3 Nd5 24. Rac1 Rf6 25. Nxe5 Nb6 26. Ng4 Rg6 27. Rcd1 h5 28.
Ne5 Re6 29. Nd3 Rae8 30. Rxe6 Rxe6 31. Bxc5 Nd5 32. c4 Nc3 33. Ra1 Re2 34. Bxd6
cxd6 35. a3 1-0

[Event "Challenge"]
[Site "http://www.queenalice.com/game.php?id=1307955"]
[Date "2014.9.13"]
[Round "-"]
[White "garturo7"]
[Black "squeak"]
[Result "0-1"]
[WhiteElo "1967"]
[BlackElo "1955"]

1. e4 c5 2. Nf3 Nc6 3. Bb5 d6 4. O-O Bd7 5. Re1 Nf6 6. c3 a6 7. Bf1 Bg4 8. d4
cxd4 9. cxd4 d5 10. exd5 Nxd5 0-1

[Event "Challenge"]
[Site "http://www.queenalice.com/game.php?id=1318547"]
[Date "2014.10.28"]
[Round "-"]
[White "gobblemate"]
[Black "squeak"]
[Result "0-1"]
[WhiteElo "1413"]
[BlackElo "2011"]

1. d4 f5 2. Nc3 Nf6 3. e3 d5 4. Nf3 e6 5. Bd3 c6 6. O-O Bd6 7. Bd2 O-O 8. g3
Nbd7 9. Nh4 Ne4 10. Ng2 Ndf6 11. Ne2 Bd7 12. Nef4 g5 13. Ne2 Be8 14. Rc1 Nxd2
15. Qxd2 Ne4 16. Qe1 Rc8 17. f3 Nf6 18. c3 c5 19. dxc5 Bxc5 20. Kh1 Qb6 21. Qd2
Rf7 22. Nd4 Bd7 23. b4 Bd6 0-1

[Event "Challenge"]
[Site "http://www.queenalice.com/game.php?id=1318548"]
[Date "2014.10.28"]
[Round "-"]
[White "squeak"]
[Black "gobblemate"]
[Result "1-0"]
[WhiteElo "2011"]
[BlackElo "1413"]

1. e4 c5 2. Nc3 e6 3. f4 Nc6 4. Nf3 d5 5. Bb5 Bd7 6. exd5 exd5 7. Nxd5 Bd6 8.
O-O Nge7 9. Nxe7 Bxe7 10. d3 O-O 11. Bd2 a6 12. Bc4 Bf5 13. Ne5 Qd4+ 14. Kh1 Qd6
15. Bc3 Nd4 16. Bxd4 cxd4 17. Qh5 g6 18. Qh6 1-0

[Event "Challenge"]
[Site "http://www.queenalice.com/game.php?id=1336700"]
[Date "2015.1.23"]
[Round "-"]
[White "squeak"]
[Black "armbar"]
[Result "1-0"]
[WhiteElo "2025"]
[BlackElo "1933"]

1. e4 e5 2. Nf3 Nc6 3. Bb5 a6 4. Ba4 Nge7 5. c3 g6 6. d4 exd4 7. cxd4 b5 8. Bb3
Bg7 9. O-O O-O 10. Nc3 d6 11. Nd5 h6 12. Nxe7+ Qxe7 13. Bd5 Bd7 14. Bf4 Rac8 15.
Rc1 Na5 16. Qd2 c6 17. Qxa5 cxd5 18. exd5 Rxc1 19. Rxc1 Bc8 20. Qc7 Qe4 21. Bxd6
Re8 22. Qc6 Bxd4 23. h3 Bxh3 24. gxh3 Qxf3 25. Qxe8+ Kh7 26. Qe1 1-0

[Event "Challenge"]
[Site "http://www.queenalice.com/game.php?id=1336701"]
[Date "2015.1.23"]
[Round "-"]
[White "armbar"]
[Black "squeak"]
[Result "0-1"]
[WhiteElo "1933"]
[BlackElo "2011"]

1. e4 c5 2. c3 Nf6 3. Qa4 Nc6 4. Bb5 Qc7 5. Nf3 a6 6. d3 Na7 7. Bc4 b5 8. Bxf7+
Kxf7 9. Qb3+ e6 10. O-O Bb7 11. e5 Bxf3 12. exf6 Be2 13. Re1 Bxd3 14. c4 Bxc4
15. fxg7 Bxg7 16. Qf3+ Kg6 17. Qg4+ Kf7 18. Qh5+ Kg8 19. Nc3 Rf8 20. Re4 Bd3 21.
Nd5 Qd6 0-1